|
|
|
|
| LEADER |
01283nam a2200325 a 4500 |
| 001 |
35345 |
| 003 |
BD-DhAAL |
| 005 |
20211129150705.0 |
| 008 |
190912t2005 at a b 001 0 eng d |
| 999 |
|
|
|c 41223
|d 41223
|
| 010 |
|
|
|a 2003115917
|
| 020 |
|
|
|a 0534607004
|
| 020 |
|
|
|a 9780534607005
|
| 035 |
|
|
|a (DLC) 2003115917
|
| 040 |
|
|
|a DLC
|c DLC
|d DLC
|d BD-DhAAL
|
| 050 |
0 |
0 |
|a BF723.P4
|b S48 2005
|
| 082 |
0 |
0 |
|a 155.418
|2 21
|
| 100 |
1 |
|
|a Shaffer, David R.
|q (David Reed),
|d 1946-
|9 34484
|
| 245 |
1 |
0 |
|a Social and personality development /
|c David R. Shaffer.
|
| 250 |
|
|
|a Fifth edition
|
| 260 |
|
|
|a Australia ;
|a Belmont, CA :
|b Wadsworth/Thomson Learning,
|c c2005.
|
| 300 |
|
|
|a xxv, 571 pages :
|b illustrations ;
|c 26 cm.
|
| 504 |
|
|
|a Includes bibliographical references (pages 477-535) and indexes.
|
| 526 |
|
|
|a BIED
|
| 541 |
|
|
|a Complimentary copy from BIED
|e 35345
|
| 650 |
|
0 |
|a Personality development
|v Textbooks.
|9 34485
|
| 650 |
|
0 |
|a Socialization
|v Textbooks.
|9 34486
|
| 852 |
|
|
|a Ayesha Abed Library
|c BIED Collection
|
| 942 |
|
|
|2 ddc
|c BK
|
| 952 |
|
|
|0 0
|1 0
|2 ddc
|4 0
|6 155_418000000000000_SHA
|7 0
|9 66272
|a BRACUL
|b BRACUL
|c GEN
|d 2019-09-12
|e Complimentary copy from BIED
|l 2
|m 4
|o 155.418 SHA
|p 3010035345
|r 2023-08-10
|s 2023-07-31
|t 1
|w 2019-09-12
|y BK
|x Transferred from BIED to General Stacks
|